Introduction to psychology / (Record no. 2469)
[ view plain ]
| 000 -LEADER | |
|---|---|
| fixed length control field | 00948cam a2200301 i 4500 |
| 001 - CONTROL NUMBER | |
| control field | 2469 |
| 003 - CONTROL NUMBER IDENTIFIER | |
| rucl marc code | BD-RjUL |
| 005 - DATE AND TIME OF LATEST TRANSACTION | |
| control field | 20211208233547.0 |
| 008 - FIXED-LENGTH DATA ELEMENTS--GENERAL INFORMATION | |
| fixed length control field | 150621s1975 nyua b 001 0 eng |
| 020 ## - INTERNATIONAL STANDARD BOOK NUMBER | |
| International Standard Book Number | 0155436570 |
| 035 ## - SYSTEM CONTROL NUMBER | |
| System control number | (BD-RjUL) |
| 040 ## - CATALOGING SOURCE | |
| Original cataloging agency | DLC |
| Transcribing agency | DLC |
| Modifying agency | DLC |
| -- | BD-RjUL |
| Language of cataloging | eng |
| 041 ## - LANGUAGE CODE | |
| Language code of text/sound track or separate title | eng |
| 082 00 - DEWEY DECIMAL CLASSIFICATION NUMBER | |
| Classification number | 150 |
| Author mark and year | HII 1975 |
| 100 1# - MAIN ENTRY--PERSONAL NAME | |
| Personal name | Hilgard, Ernest R. |
| Fuller form of name | (Ernest Ropiequet), |
| Dates associated with a name | 1904-2001. |
| 9 (RLIN) | 116927 |
| 245 10 - TITLE STATEMENT | |
| Title | Introduction to psychology / |
| Statement of responsibility, etc. | Ernest R. Hilgard, Richard C. Atkinson, Rita L. Atkinson. |
| 250 ## - EDITION STATEMENT | |
| Edition statement | 6th ed. |
| 260 ## - PUBLICATION, DISTRIBUTION, ETC. (IMPRINT) | |
| Place of publication, distribution, etc. | New York : |
| Name of publisher, distributor, etc. | Harcourt Brace Jovanovich, |
| Date of publication, distribution, etc. | c1975 |
| 300 ## - PHYSICAL DESCRIPTION | |
| Pagination | xiii, 658 p. : |
| Illustrations | ill. ; |
| Size | 28 cm. |
| 500 ## - GENERAL NOTE | |
| General note | Includes index. |
| 504 ## - BIBLIOGRAPHY, ETC. NOTE | |
| Bibliography, etc | Bibliography: p. [619]-639. |
| 650 #0 - SUBJECT ADDED ENTRY--TOPICAL TERM | |
| Topical term or geographic name as entry element | Psychology. |
| 9 (RLIN) | 116928 |
| 700 1# - ADDED ENTRY--PERSONAL NAME | |
| Personal name | Atkinson, Richard C., |
| Relator term | joint author. |
| Personal name | Atkinson, Rita L., |
| Relator term | joint author. |
| 942 ## - ADDED ENTRY ELEMENTS (KOHA) | |
| Source of classification or shelving scheme | Dewey Decimal Classification |
| Koha item type | Books |
| Lost status | Source of classification or shelving scheme | Damaged status | Not for loan | Collection code | Permanent Location | Current Location | Shelving location | Date acquired | Total Checkouts | Full call number | Date last seen | Date checked out | Copy number | Koha item type | Source of acquisition | Cost, normal purchase price |
|---|---|---|---|---|---|---|---|---|---|---|---|---|---|---|---|---|
| Dewey Decimal Classification | Non-fiction | Central Library, University of Rajshahi | Central Library, University of Rajshahi | 21/06/2015 | 1 | 150 HII 1975 | 22/02/2018 | 06/02/2018 | C-2 | Books | ||||||
| Dewey Decimal Classification | Not For Loan | Non-fiction | Central Library, University of Rajshahi | Central Library, University of Rajshahi | Reading Room | 14/05/1977 | 150 HII 1975 | 15/03/2017 | C-1 | Books | W. Heffer & Sons | 5.00 |